00496nam a2200157 i 4500001000300000100002100003245006500024260002100089040000800110041000800118942000700126008004100133999001700174856009800191952004900289bg1 aSAWONIAK, Henryk 0aBibliografia Bibliografii Polskich 1951-1960 /cH. Sawoniak. aWrocław,c1967. cBPK apol cKS s pl f |000 0 pol  c23623d23623 uhttp://koha.tu.koszalin.pl/cgi-bin/koha/opac-detail.pl?biblionumber=23623yKatalog online BPK 00104070aBPKbBPKcwo33784p02188089yKS